Vista normal
Vista MARC
Entrada Personal Name
Número de registros utilizados en: 2
001 - CONTROL NUMBER
- control field: 68295
003 - CONTROL NUMBER IDENTIFIER
- control field: OSt
005 - DATE AND TIME OF LATEST TRANSACTION
- control field: 20260122213837.0
008 - FIXED-LENGTH DATA ELEMENTS
- fixed length control field: 260122|| aca||aabn | a|a d
040 ## - CATALOGING SOURCE
- Original cataloging agency: OSt
- Transcribing agency: OSt
100 ## - HEADING--PERSONAL NAME
- Personal name: Curie, Marie Sklodowska,
- Dates associated with a name: 1867-1934
- Form subdivision: Biografías
670 ## - SOURCE DATA FOUND
- Source citation: Work cat.: (OSt)60329: García, Horacio (músico) aut 68294, La cacería de lo inestable :